Olivia Dean All Songs - Statistics

General Stats
  • This quiz has been taken 85 times
    48 since last reset
  • The average score is 31 of 58
Answer Stats
Hint Answer % Correct
G5 Man I Need
94%
G1 Ok Love You Bye
88%
G5 I've Seen It
85%
G5 So Easy (To Fall In Love)
85%
G5 Lady Lady
82%
G4 Messy
82%
G5 The Art of Loving (Intro)
82%
G5 A Couple Minutes
79%
G5 Loud
79%
G5 Nice To Each Other
79%
G2 The Hardest Part
79%
G4 The Hardest Part
79%
G7 The Hardest Part w/ Leon Bridges
79%
G4 UFO
79%
G4 Ladies Room
76%
G5 Let Alone The One You Love
76%
G7 Rein Me In w/ Sam Fender
76%
G5 Baby Steps
73%
G4 Dive
73%
G5 Something Inbetween
73%
G2 Echo
70%
G6 Touching Toes
70%
G4 Carmen
67%
G5 Close Up
67%
G4 I Could Be A Florist
61%
G6 It Isn't Perfect But It Might Be
61%
G1 Password Change
61%
G1 Reason to Stay
61%
G6 Reason To Stay
61%
G2 What Am I Gonna Do On Sundays?
61%
G3 Be My Own Boyfriend
55%
G6 Crosswords
55%
G4 Danger
55%
G1 White Trainers
55%
G3 Float
52%
G4 Everybody's Crazy
48%
G4 No Man
45%
G3 Slowly
45%
G3 Cross My Mind
42%
G6 Dy-Na-Mi-Tee
42%
G4 Getting There (Interlude)
42%
G4 Dangerously Easy
39%
G3 Fall Again
39%
G6 Time
39%
G2 Out
36%
G6 The Christmas Song
33%
G6 Wish I Didn't Miss You
30%
G6 Baby Come Home
27%
G6 Merry Christmas Everyone
27%
G6 The Dress
24%
G6 You Can't Hurry Love
24%
G7 No One's Watching Me w/ Ezra Collective
15%
G7 Homerton w/ Loyle Carner and JNR Williams
9%
G6 Just For You
9%
G6 The Harder They Come
9%
G7 Adrenaline w/ Rudimental
3%
G7 Call Me Lioness (FIFA World Cup Song)
0%
G6 Keep On
0%
No matching quizzes found
Score Distribution
Percent of People with Each Score
Percentile by Number Answered
Your Score History
You have not taken this quiz since the last reset